[Event "Muensterland Verbandsliga 2526"]
[Site "Germany"]
[Date "2026.01.17"]
[Round "5"]
[Board "4"]
[White "Garrell, Damian"]
[Black "Schulz, Stefan"]
[Result "1/2-1/2"]
[WhiteElo "1792"]
[BlackElo "1859"]
[WhiteFideId "-1"]
[BlackFideId "-1"]
[PlyCount "87"]
[GameId "2269795138533966"]
[EventDate "2025.??.??"]
[EventType "team-tourn"]
[EventRounds "9"]
[EventCountry "GER"]
[SourceTitle "Verband Muensterland"]
[SourceDate "2025.11.13"]
[SourceVersion "1"]
[SourceVersionDate "2025.11.13"]
[SourceQuality "1"]
[WhiteTeam "Nienberge II"]
[BlackTeam "Muenster SK IV"]
[WhiteTeamCountry "GER"]
[BlackTeamCountry "GER"]

1. d4 d5 2. Nf3 Nf6 3. c4 c6 4. Nc3 a6 5. Bf4 b5 6. cxd5 cxd5 7. e3 Bg4 8. h3 Bh5 9. Be2 e6 10. O-O Bd6 11. Ne5 Bxe2 12. Nxe2 O-O 13. Rc1 Qe7 14. Rc2 Nfd7 15. Nd3 Nb6 16. Bxd6 Qxd6 17. b3 N8d7 18. Qd2 Rfc8 19. Rfc1 Rxc2 20. Rxc2 Rc8 21. Rxc8+ Nxc8 22. Qc3 Ne7 23. Qa5 Qb6 24. Qb4 Nc8 25. Nc5 Qd6 26. Qc3 Ne7 27. Qa5 Nb8 28. Nf4 Nc8 29. Nfd3 Qb6 30. Qc3 Qc7 31. Qb4 Qb6 32. Qc3 Qc7 33. Ne5 h6 34. Qb4 Qd6 35. Qa5 Qb6 36. Qa3 a5 37. Qc1 Qc7 38. Qf1 Nd6 39. Qe2 Qa7 40. Qc2 Qc7 41. Qd1 Nc6 42. Ned3 b4 43. Qc1 Nb5 44. Na4 1/2-1/2

[Event "Muensterland Verbandsliga 2526"]
[Site "Germany"]
[Date "2026.01.17"]
[Round "5"]
[Board "5"]
[White "Voß, Andreas"]
[Black "Wilmes, Niklas"]
[Result "1-0"]
[WhiteElo "1828"]
[BlackElo "1749"]
[WhiteFideId "-1"]
[BlackFideId "-1"]
[PlyCount "41"]
[GameId "2269795138533968"]
[EventDate "2025.??.??"]
[EventType "team-tourn"]
[EventRounds "9"]
[EventCountry "GER"]
[SourceTitle "Verband Muensterland"]
[SourceDate "2025.11.13"]
[SourceVersion "1"]
[SourceVersionDate "2025.11.13"]
[SourceQuality "1"]
[WhiteTeam "Muenster SK IV"]
[BlackTeam "Nienberge II"]
[WhiteTeamCountry "GER"]
[BlackTeamCountry "GER"]

1. d4 Nf6 2. Bg5 g6 3. Bxf6 exf6 4. e4 d5 5. exd5 Qxd5 6. Nc3 Bb4 7. a3 Bxc3+ 8. bxc3 O-O 9. f3 Re8+ 10. Kf2 Nc6 11. Ne2 Bf5 12. Qd2 g5 13. h4 g4 14. Qh6 Rxe2+ 15. Bxe2 Nxd4 16. cxd4 Qxd4+ 17. Kg3 Bxc2 18. Qf4 Qc3 19. Rac1 gxf3 20. Bxf3 Rd8 21. Rhe1 1-0

[Event "Muensterland Verbandsliga 2526"]
[Site "Germany"]
[Date "2026.01.17"]
[Round "5"]
[Board "6"]
[White "Van de Vyle, Jan"]
[Black "Baumann, Eva"]
[Result "0-1"]
[WhiteElo "1792"]
[BlackElo "1709"]
[WhiteFideId "-1"]
[BlackFideId "-1"]
[PlyCount "124"]
[GameId "2269795138558546"]
[EventDate "2025.??.??"]
[EventType "team-tourn"]
[EventRounds "9"]
[EventCountry "GER"]
[SourceTitle "Verband Muensterland"]
[SourceDate "2025.11.13"]
[SourceVersion "1"]
[SourceVersionDate "2025.11.13"]
[SourceQuality "1"]
[WhiteTeam "Nienberge II"]
[BlackTeam "Muenster SK IV"]
[WhiteTeamCountry "GER"]
[BlackTeamCountry "GER"]

1. e4 e5 2. Nf3 Nc6 3. Bb5 a6 4. Ba4 Nf6 5. O-O b5 6. Bb3 Be7 7. c3 O-O 8. Re1 d6 9. d3 Na5 10. Bc2 c5 11. Nbd2 Bg4 12. Nf1 Nc6 13. h3 Bd7 14. Ng3 a5 15. a4 b4 16. Bb3 Qb6 17. Bc4 bxc3 18. bxc3 Rab8 19. Re2 Qc7 20. Bg5 Be6 21. Bb5 Na7 22. Rb1 Rb6 23. Reb2 Rfb8 24. Bd2 c4 25. Be3 R6b7 26. Bxa7 Rxa7 27. d4 Rab7 28. Qc2 h6 29. d5 Bd7 30. Nd2 Bxb5 31. axb5 Nd7 32. Nf5 Bg5 33. Nf3 g6 34. h4 gxf5 35. hxg5 hxg5 36. Nxg5 f4 37. Qe2 Nf6 38. Nf3 Qc5 39. Nd2 Rxb5 40. Nxc4 Rxb2 41. Rxb2 Rxb2 42. Nxb2 Qxc3 43. Nc4 Qb4 44. g3 fxg3 45. fxg3 Qb1+ 46. Kh2 Qxe4 47. Qxe4 Nxe4 48. Nxa5 Kf8 49. Nc4 Ke7 50. Kg2 Nc3 51. Ne3 e4 52. Nf5+ Kd7 53. Ne3 Kc7 54. g4 Kb6 55. Kg3 Kc5 56. Kf4 Nxd5+ 57. Kxe4 Nxe3 58. Kxe3 Kd5 59. Kf4 Ke6 60. Ke4 f6 61. Kf3 Ke5 62. Ke3 d5 0-1

[Event "Muensterland Verbandsliga 2526"]
[Site "Germany"]
[Date "2026.01.17"]
[Round "5"]
[Board "7"]
[White "Schoepper, Oliver"]
[Black "Nuerenberg, Bernd"]
[Result "1/2-1/2"]
[WhiteElo "1729"]
[BlackElo "1731"]
[WhiteFideId "-1"]
[BlackFideId "-1"]
[PlyCount "30"]
[GameId "2269795138566740"]
[EventDate "2025.??.??"]
[EventType "team-tourn"]
[EventRounds "9"]
[EventCountry "GER"]
[SourceTitle "Verband Muensterland"]
[SourceDate "2025.11.13"]
[SourceVersion "1"]
[SourceVersionDate "2025.11.13"]
[SourceQuality "1"]
[WhiteTeam "Muenster SK IV"]
[BlackTeam "Nienberge II"]
[WhiteTeamCountry "GER"]
[BlackTeamCountry "GER"]

1. d4 Nf6 2. c4 g6 3. Nf3 Bg7 4. Nc3 d5 5. e3 O-O 6. Be2 b6 7. O-O Bb7 8. b3 Nbd7 9. Bb2 Rc8 10. cxd5 Nxd5 11. Nb5 c5 12. Na3 a6 13. Nc4 b5 14. Nce5 Nxe5 15. Nxe5 Qd6 1/2-1/2

[Event "Muensterland Verbandsliga 2526"]
[Site "Germany"]
[Date "2026.01.17"]
[Round "5"]
[Board "8"]
[White "Hirschmueller, Bennet"]
[Black "Stumpe, Danny"]
[Result "1/2-1/2"]
[WhiteElo "1715"]
[BlackElo "1660"]
[WhiteFideId "-1"]
[BlackFideId "-1"]
[PlyCount "116"]
[GameId "2269795138574934"]
[EventDate "2025.??.??"]
[EventType "team-tourn"]
[EventRounds "9"]
[EventCountry "GER"]
[SourceTitle "Verband Muensterland"]
[SourceDate "2025.11.13"]
[SourceVersion "1"]
[SourceVersionDate "2025.11.13"]
[SourceQuality "1"]
[WhiteTeam "Nienberge II"]
[BlackTeam "Muenster SK IV"]
[WhiteTeamCountry "GER"]
[BlackTeamCountry "GER"]

1. e4 c6 2. d4 d5 3. f3 dxe4 4. fxe4 e5 5. Nf3 Bg4 6. Bc4 Nf6 7. Bxf7+ Kxf7 8. Nxe5+ Kg8 9. Nxg4 Nxe4 10. O-O Nd7 11. Nh6+ gxh6 12. Qg4+ Ng5 13. h4 Nf6 14. Qg3 Bd6 15. Bf4 Nfe4 16. Qe3 Kg7 17. hxg5 Nxg5 18. Be5+ Bxe5 19. Qxe5+ Kg6 20. Nd2 Re8 21. Qf5+ Kg7 22. c3 Re2 23. Nf3 Qd5 24. Qxd5 cxd5 25. Rf2 Nxf3+ 26. gxf3 Rae8 27. a4 R8e3 28. Kf1 Rxf2+ 29. Kxf2 Re6 30. b4 Kf6 31. a5 Kg5 32. b5 Kf4 33. Rh1 Rg6 34. Rh5 Rd6 35. Rh4+ Kf5 36. Ke3 Re6+ 37. Kd3 Rg6 38. Rh5+ Ke6 39. c4 dxc4+ 40. Kxc4 Rf6 41. Kc5 Kd7 42. f4 a6 43. d5 b6+ 44. axb6 a5 45. f5 a4 46. b7 Kc7 47. b8=Q+ Kxb8 48. Kb4 Kc7 49. Kc5 a3 50. Rh3 Rxf5 51. Rxh6 a2 52. Rxh7+ Kb8 53. Rh1 Rf2 54. Kb6 Rf6+ 55. Kc5 Rf2 56. Kc6 Rb2 57. Ra1 Rc2+ 58. Kd7 Kb7 1/2-1/2

[Event "Muensterland Verbandsliga 2526"]
[Site "Germany"]
[Date "2026.01.17"]
[Round "5"]
[Board "1"]
[White "Vocke, Stefan"]
[Black "Mullink, Jochem"]
[Result "1/2-1/2"]
[WhiteElo "1916"]
[BlackElo "2151"]
[WhiteFideId "-1"]
[BlackFideId "-1"]
[PlyCount "58"]
[GameId "2276419162416268"]
[EventDate "2025.??.??"]
[EventType "team-tourn"]
[EventRounds "9"]
[EventCountry "GER"]
[SourceTitle "Verband Muensterland"]
[SourceDate "2025.11.13"]
[SourceVersion "1"]
[SourceVersionDate "2025.11.13"]
[SourceQuality "1"]
[WhiteTeam "Ochtrup"]
[BlackTeam "Stadtlohn"]
[WhiteTeamCountry "GER"]
[BlackTeamCountry "GER"]

1. d4 Nf6 2. c4 e6 3. Nf3 d5 4. e3 Be7 5. Nc3 O-O 6. Qc2 c5 7. b3 Nc6 8. dxc5 e5 9. Ba3 Qa5 10. cxd5 Nxd5 11. Bb2 Ncb4 12. Qc1 Bf5 13. Nxd5 Nd3+ 14. Kd1 Nxc1 15. Nxe7+ Kh8 16. Nxf5 Rfd8+ 17. Kxc1 Qxc5+ 18. Bc4 b5 19. Nd2 Rd7 20. a4 bxc4 21. Nxc4 Rad8 22. Kb1 f6 23. Ka2 Rd3 24. Ba3 Qc8 25. Nfd6 Qb8 26. Rab1 Kg8 27. Rhd1 Rc3 28. Rdc1 Rd3 29. Rd1 Rc3 1/2-1/2

[Event "Muensterland Verbandsliga 2526"]
[Site "Germany"]
[Date "2026.01.17"]
[Round "5"]
[Board "2"]
[White "Kloster, Josef"]
[Black "Moor, Daniel"]
[Result "1-0"]
[WhiteElo "2003"]
[BlackElo "1862"]
[WhiteFideId "-1"]
[BlackFideId "-1"]
[PlyCount "103"]
[GameId "2267410119538866"]
[EventDate "2025.??.??"]
[EventType "team-tourn"]
[EventRounds "9"]
[EventCountry "GER"]
[SourceTitle "Verband Muensterland"]
[SourceDate "2025.11.13"]
[SourceVersion "1"]
[SourceVersionDate "2025.11.13"]
[SourceQuality "1"]
[WhiteTeam "Stadtlohn"]
[BlackTeam "Ochtrup"]
[WhiteTeamCountry "GER"]
[BlackTeamCountry "GER"]

1. e4 Nf6 2. Nc3 d5 3. e5 d4 4. Nce2 Ng4 5. f4 c5 6. Nf3 Nc6 7. Ng3 g6 8. Bc4 Bh6 9. h3 Bxf4 10. Ne2 Bxd2+ 11. Bxd2 Ngxe5 12. Nxe5 Nxe5 13. Bb5+ Bd7 14. Bxd7+ Nxd7 15. O-O e5 16. Ng3 Qe7 17. Qf3 Rb8 18. Rae1 O-O 19. Bh6 Rfc8 20. Qg4 Rc6 21. Ne4 Kh8 22. Qg3 f5 23. Bg5 Qe6 24. Nd2 Re8 25. Qb3 Qxb3 26. axb3 Kg7 27. Nc4 b5 28. Nd2 h6 29. Bh4 g5 30. Bxg5 hxg5 31. Rxf5 Kg6 32. g4 Rf6 33. Ne4 Rxf5 34. gxf5+ Kh6 35. Ra1 Rf8 36. Ra6+ Kg7 37. Rxa7 Rf7 38. Nxg5 Re7 39. Ne4 Kf8 40. Kg2 Nb6 41. Rxe7 Kxe7 42. Kf3 c4 43. Kg4 Nd5 44. Kg5 cxb3 45. cxb3 d3 46. f6+ Nxf6 47. Nxf6 d2 48. Nd5+ Kd6 49. Nc3 Ke6 50. h4 e4 51. Kf4 b4 52. Nd1 1-0

[Event "Muensterland Verbandsliga 2526"]
[Site "Germany"]
[Date "2026.01.17"]
[Round "5"]
[Board "3"]
[White "Jacob, Helmut"]
[Black "Krosenbrink, Marcel"]
[Result "1/2-1/2"]
[WhiteElo "1920"]
[BlackElo "1885"]
[WhiteFideId "-1"]
[BlackFideId "-1"]
[PlyCount "55"]
[GameId "2276419162416272"]
[EventDate "2025.??.??"]
[EventType "team-tourn"]
[EventRounds "9"]
[EventCountry "GER"]
[SourceTitle "Verband Muensterland"]
[SourceDate "2025.11.13"]
[SourceVersion "1"]
[SourceVersionDate "2025.11.13"]
[SourceQuality "1"]
[WhiteTeam "Ochtrup"]
[BlackTeam "Stadtlohn"]
[WhiteTeamCountry "GER"]
[BlackTeamCountry "GER"]

1. e4 c5 2. d4 cxd4 3. c3 Nf6 4. e5 Nd5 5. Nf3 Nc6 6. Bc4 Nb6 7. Bb3 e6 8. O-O d6 9. exd6 Qxd6 10. Na3 a6 11. cxd4 Be7 12. Re1 Na5 13. Bc2 h6 14. Qd3 Nd5 15. Qe4 b5 16. Bd2 Nc6 17. Rac1 Bb7 18. Bb1 Rd8 19. Rcd1 Nf6 20. Qe2 Nd5 21. Bc1 Bf6 22. Be4 Nce7 23. Nb1 Ba8 24. a4 b4 25. Bd3 Bc6 26. Bxa6 Bxa4 27. Bb5+ Bxb5 28. Qxb5+ 1/2-1/2

[Event "Muensterland Verbandsliga 2526"]
[Site "Germany"]
[Date "2026.01.17"]
[Round "5"]
[Board "4"]
[White "Te Sligte, Bert"]
[Black "Schmerling, Janek"]
[Result "1/2-1/2"]
[WhiteElo "1805"]
[BlackElo "1732"]
[WhiteFideId "-1"]
[BlackFideId "-1"]
[PlyCount "43"]
[GameId "2267709315163418"]
[EventDate "2025.??.??"]
[EventType "team-tourn"]
[EventRounds "9"]
[EventCountry "GER"]
[SourceTitle "Verband Muensterland"]
[SourceDate "2025.11.13"]
[SourceVersion "1"]
[SourceVersionDate "2025.11.13"]
[SourceQuality "1"]
[WhiteTeam "Stadtlohn"]
[BlackTeam "Ochtrup"]
[WhiteTeamCountry "GER"]
[BlackTeamCountry "GER"]

1. e4 e5 2. Nc3 Bc5 3. Nf3 d6 4. d4 exd4 5. Nxd4 Nc6 6. Be3 Nxd4 7. Bxd4 Bxd4 8. Qxd4 Qf6 9. Qe3 Ne7 10. O-O-O a6 11. Be2 Bd7 12. f4 O-O-O 13. Rd2 Kb8 14. Rhd1 Rhe8 15. Qf2 Qe6 16. Kb1 f5 17. Bf3 Bc6 18. e5 Bxf3 19. Qxf3 Nc6 20. exd6 Rxd6 21. Rxd6 cxd6 22. Qd3 1/2-1/2

[Event "Muensterland Verbandsliga 2526"]
[Site "Germany"]
[Date "2026.01.17"]
[Round "5"]
[Board "5"]
[White "Holtmannspoetter, Thomas"]
[Black "Bußwolder, Peter"]
[Result "0-1"]
[WhiteElo "1738"]
[BlackElo "1755"]
[WhiteFideId "-1"]
[BlackFideId "-1"]
[PlyCount "76"]
[GameId "2267709606970673"]
[EventDate "2025.??.??"]
[EventType "team-tourn"]
[EventRounds "9"]
[EventCountry "GER"]
[SourceTitle "Verband Muensterland"]
[SourceDate "2025.11.13"]
[SourceVersion "1"]
[SourceVersionDate "2025.11.13"]
[SourceQuality "1"]
[WhiteTeam "Ochtrup"]
[BlackTeam "Stadtlohn"]
[WhiteTeamCountry "GER"]
[BlackTeamCountry "GER"]

1. e4 g6 2. d4 Bg7 3. Nf3 d6 4. c4 a6 5. Nc3 b6 6. Be2 Bb7 7. O-O Nd7 8. Qc2 e6 9. Be3 Ne7 10. Rad1 O-O 11. d5 e5 12. h3 h6 13. Nh2 Bc8 14. f4 exf4 15. Bxf4 g5 16. Bc1 Ne5 17. Nf3 Nxf3+ 18. Rxf3 Ng6 19. Rff1 Qe7 20. Bh5 Ne5 21. Ne2 Nd7 22. Ng3 Nf6 23. Qe2 Bd7 24. Qf3 Rae8 25. Rde1 Nxh5 26. Qxh5 f5 27. Bd2 f4 28. Nh1 Qf7 29. Qxf7+ Rxf7 30. b3 Rfe7 31. Nf2 Bd4 32. Re2 Rxe4 33. Rxe4 Rxe4 34. Re1 Bf5 35. Kf1 Rxe1+ 36. Kxe1 Bxf2+ 37. Kxf2 Bb1 38. b4 Bxa2 0-1

[Event "Muensterland Verbandsliga 2526"]
[Site "Germany"]
[Date "2026.01.17"]
[Round "5"]
[Board "6"]
[White "Kloster, Daniel"]
[Black "Kaiser, Guenter1"]
[Result "1-0"]
[WhiteElo "1694"]
[BlackElo "1584"]
[WhiteFideId "-1"]
[BlackFideId "-1"]
[PlyCount "37"]
[GameId "2267739852772489"]
[EventDate "2025.??.??"]
[EventType "team-tourn"]
[EventRounds "9"]
[EventCountry "GER"]
[SourceTitle "Verband Muensterland"]
[SourceDate "2025.11.13"]
[SourceVersion "1"]
[SourceVersionDate "2025.11.13"]
[SourceQuality "1"]
[WhiteTeam "Stadtlohn"]
[BlackTeam "Ochtrup"]
[WhiteTeamCountry "GER"]
[BlackTeamCountry "GER"]

1. d4 d5 2. Bf4 Nf6 3. e3 c5 4. c3 e6 5. Nd2 Nbd7 6. Ngf3 Be7 7. Bd3 O-O 8. Ne5 Nxe5 9. dxe5 Nd7 10. Qg4 g6 11. h4 Re8 12. Nf3 Bf8 13. h5 Bg7 14. hxg6 hxg6 15. Qh3 Nf8 16. Bh6 f5 17. Bxg7 Kxg7 18. Qh6+ Kf7 19. Ng5+ 1-0

[Event "Muensterland Verbandsliga 2526"]
[Site "Germany"]
[Date "2026.01.17"]
[Round "5"]
[Board "7"]
[White "Kastner, Lennart"]
[Black "Van Harxen, Luc"]
[Result "1/2-1/2"]
[WhiteElo "1388"]
[BlackElo "1542"]
[WhiteFideId "-1"]
[BlackFideId "-1"]
[PlyCount "76"]
[GameId "2267773933744211"]
[EventDate "2025.??.??"]
[EventType "team-tourn"]
[EventRounds "9"]
[EventCountry "GER"]
[SourceTitle "Verband Muensterland"]
[SourceDate "2025.11.13"]
[SourceVersion "1"]
[SourceVersionDate "2025.11.13"]
[SourceQuality "1"]
[WhiteTeam "Ochtrup"]
[BlackTeam "Stadtlohn"]
[WhiteTeamCountry "GER"]
[BlackTeamCountry "GER"]

1. d4 d5 2. Bf4 Bf5 3. e3 Nf6 4. Nd2 e6 5. Ngf3 h6 6. c3 Nh5 7. Bg3 Nxg3 8. hxg3 Be7 9. Nb3 Nd7 10. Bd3 Bxd3 11. Qxd3 a6 12. O-O-O c5 13. dxc5 Nxc5 14. Nxc5 Bxc5 15. Nd4 Qf6 16. Rd2 O-O 17. Nf3 b5 18. g4 Qg6 19. Qxg6 fxg6 20. Kb1 Be7 21. Ne5 Kh7 22. f3 Rac8 23. Nd3 g5 24. Rhd1 Rfd8 25. Ne5 Bf6 26. Nd3 Rd6 27. Nf2 Rcd8 28. Ne4 Rc6 29. Nxf6+ gxf6 30. e4 Rcd6 31. exd5 exd5 32. Re1 Kg6 33. Rde2 d4 34. cxd4 Rxd4 35. b3 h5 36. gxh5+ Kxh5 37. Rh1+ Kg6 38. Kc2 R4d7 1/2-1/2

[Event "Muensterland Verbandsliga 2526"]
[Site "Germany"]
[Date "2026.01.17"]
[Round "5"]
[Board "8"]
[White "Schlattmann, Martin"]
[Black "Wennemaring, Nico"]
[Result "1-0"]
[WhiteElo "1737"]
[BlackElo "1314"]
[WhiteFideId "-1"]
[BlackFideId "-1"]
[PlyCount "101"]
[GameId "2276419162416282"]
[EventDate "2025.??.??"]
[EventType "team-tourn"]
[EventRounds "9"]
[EventCountry "GER"]
[SourceTitle "Verband Muensterland"]
[SourceDate "2025.11.13"]
[SourceVersion "1"]
[SourceVersionDate "2025.11.13"]
[SourceQuality "1"]
[WhiteTeam "Stadtlohn"]
[BlackTeam "Ochtrup"]
[WhiteTeamCountry "GER"]
[BlackTeamCountry "GER"]

1. d4 d5 2. Nf3 Nc6 3. Bf4 Bf5 4. c3 e6 5. e3 Bd6 6. Bg3 Nf6 7. Nbd2 O-O 8. Ne5 Ne4 9. Nxe4 Bxe4 10. f3 Bf5 11. Bd3 Qe7 12. Qe2 Rad8 13. O-O f6 14. Nxc6 bxc6 15. e4 Bxg3 16. hxg3 Bg6 17. b4 Ra8 18. f4 a5 19. a3 Ra7 20. Rae1 Bf7 21. exd5 cxd5 22. f5 Qd6 23. fxe6 Bg6 24. Bxg6 hxg6 25. e7 Re8 26. Qe6+ Qxe6 27. Rxe6 Kf7 28. Rfe1 axb4 29. axb4 Ra3 30. Rc6 Rxe7 31. Rxe7+ Kxe7 32. Rxc7+ Kf8 33. b5 Rb3 34. Rc5 Ke7 35. Kf2 Ke6 36. Kf3 g5 37. g4 g6 38. Rc6+ Ke7 39. b6 Kd7 40. Rxf6 Rxc3+ 41. Ke2 Rc6 42. b7 Rxf6 43. b8=Q Re6+ 44. Kd3 Re4 45. Qb7+ Ke6 46. Qc6+ Ke7 47. Qxd5 Rxg4 48. Qe5+ Kd7 49. g3 Kd8 50. Qd6+ Ke8 51. Qe6+ 1-0

[Event "Muensterland Verbandsliga 2526"]
[Site "Germany"]
[Date "2026.02.21"]
[Round "6"]
[Board "1"]
[White "Weist, Thorsten"]
[Black "Hofene, Dieter"]
[Result "1/2-1/2"]
[WhiteElo "1734"]
[BlackElo "1951"]
[WhiteFideId "-1"]
[BlackFideId "-1"]
[PlyCount "41"]
[GameId "2283691479322920"]
[EventDate "2025.??.??"]
[EventType "team-tourn"]
[EventRounds "9"]
[EventCountry "GER"]
[SourceTitle "Verband Muensterland"]
[SourceDate "2025.11.13"]
[SourceVersion "1"]
[SourceVersionDate "2025.11.13"]
[SourceQuality "1"]
[WhiteTeam "Emsdetten Rochade II"]
[BlackTeam "Beelen"]
[WhiteTeamCountry "GER"]
[BlackTeamCountry "GER"]

1. d4 g6 2. Nf3 Bg7 3. c4 d6 4. Nc3 Nc6 5. e4 e5 6. d5 Nce7 7. Be2 f5 8. exf5 gxf5 9. Ng5 Nf6 10. Bh5+ Ng6 11. Be3 O-O 12. O-O f4 13. Bc1 Bh6 14. Nce4 Nxe4 15. Nxe4 Bf5 16. f3 Qh4 17. Bg4 Qe7 18. Bxf5 Rxf5 19. b4 Bf8 20. Bb2 Qh4 21. Qe1 1/2-1/2

[Event "Muensterland Verbandsliga 2526"]
[Site "Germany"]
[Date "2026.02.21"]
[Round "6"]
[Board "2"]
[White "Hanewinkel, Martin"]
[Black "Noering, Andreas"]
[Result "1/2-1/2"]
[WhiteElo "1865"]
[BlackElo "1802"]
[WhiteFideId "-1"]
[BlackFideId "-1"]
[PlyCount "36"]
[GameId "2283691479322922"]
[EventDate "2025.??.??"]
[EventType "team-tourn"]
[EventRounds "9"]
[EventCountry "GER"]
[SourceTitle "Verband Muensterland"]
[SourceDate "2025.11.13"]
[SourceVersion "1"]
[SourceVersionDate "2025.11.13"]
[SourceQuality "1"]
[WhiteTeam "Beelen"]
[BlackTeam "Emsdetten Rochade II"]
[WhiteTeamCountry "GER"]
[BlackTeamCountry "GER"]

1. d4 f5 2. Nf3 Nf6 3. c3 g6 4. Bf4 Bg7 5. e3 b6 6. Nbd2 Bb7 7. Bc4 e6 8. Qe2 d5 9. Bd3 a5 10. Ne5 O-O 11. Ndf3 c5 12. h4 Nbd7 13. Ng5 Qe7 14. Nxh7 Kxh7 15. Bg5 Nxe5 16. dxe5 Qc7 17. exf6 Bxf6 18. f4 Kg7 1/2-1/2

[Event "Muensterland Verbandsliga 2526"]
[Site "Germany"]
[Date "2026.02.21"]
[Round "6"]
[Board "3"]
[White "Lehmann, Mona"]
[Black "Hofene, Josef"]
[Result "1/2-1/2"]
[WhiteElo "1869"]
[BlackElo "1798"]
[WhiteFideId "-1"]
[BlackFideId "-1"]
[PlyCount "70"]
[GameId "2283691479322924"]
[EventDate "2025.??.??"]
[EventType "team-tourn"]
[EventRounds "9"]
[EventCountry "GER"]
[SourceTitle "Verband Muensterland"]
[SourceDate "2025.11.13"]
[SourceVersion "1"]
[SourceVersionDate "2025.11.13"]
[SourceQuality "1"]
[WhiteTeam "Emsdetten Rochade II"]
[BlackTeam "Beelen"]
[WhiteTeamCountry "GER"]
[BlackTeamCountry "GER"]

1. e4 c5 2. Nf3 Nc6 3. c3 d6 4. d4 e6 5. Bd3 Nf6 6. O-O Be7 7. e5 Nd7 8. Re1 cxd4 9. exd6 Bxd6 10. cxd4 Nf6 11. Nc3 O-O 12. a3 a6 13. Bc2 h6 14. Qd3 Ne7 15. Nd2 Ng6 16. Nde4 Nxe4 17. Nxe4 Bc7 18. g3 e5 19. d5 Bb6 20. Nc3 f5 21. Be3 e4 22. Qc4 Ne5 23. Qb3 Bxe3 24. Rxe3 Kh8 25. Rd1 Rf6 26. Ne2 Rb6 27. Qc3 Ng4 28. Nf4 Nxe3 29. fxe3 Qf6 30. Qc7 Qd6 31. Qf7 Bd7 32. b4 Rf8 33. Qh5 Be8 34. Qh3 Bd7 35. Qh5 Be8 1/2-1/2

[Event "Muensterland Verbandsliga 2526"]
[Site "Germany"]
[Date "2026.02.21"]
[Round "6"]
[Board "4"]
[White "Hanewinkel, Winfried"]
[Black "Luecke, Thomas"]
[Result "1/2-1/2"]
[WhiteElo "1851"]
[BlackElo "1883"]
[WhiteFideId "-1"]
[BlackFideId "-1"]
[PlyCount "117"]
[GameId "2283691479322926"]
[EventDate "2025.??.??"]
[EventType "team-tourn"]
[EventRounds "9"]
[EventCountry "GER"]
[SourceTitle "Verband Muensterland"]
[SourceDate "2025.11.13"]
[SourceVersion "1"]
[SourceVersionDate "2025.11.13"]
[SourceQuality "1"]
[WhiteTeam "Beelen"]
[BlackTeam "Emsdetten Rochade II"]
[WhiteTeamCountry "GER"]
[BlackTeamCountry "GER"]

1. d4 Nf6 2. Nf3 d5 3. c4 c6 4. Nc3 e6 5. e3 Nbd7 6. Bd3 Bd6 7. O-O dxc4 8. Bxc4 b5 9. Bd3 Bb7 10. e4 e5 11. Re1 Qc7 12. Be3 a6 13. a3 O-O 14. Rc1 exd4 15. Bxd4 Rfe8 16. b4 Rac8 17. Bb1 c5 18. bxc5 Bxc5 19. a4 b4 20. Nd5 Bxd5 21. exd5 Qb6 22. Rxe8+ Rxe8 23. Bxc5 Nxc5 24. Qd4 Nfd7 25. Qg4 Nf6 26. Qf4 Nce4 27. Ne5 Nxf2 28. Qxf2 Qxf2+ 29. Kxf2 Rxe5 30. d6 g6 31. Rc6 a5 32. Ba2 Rc5 33. Rc7 Rxc7 34. dxc7 Ne4+ 35. Ke3 Nd6 36. Kd4 Kf8 37. Kc5 Ke7 38. Bxf7 Kd7 39. Bg8 Kxc7 40. Bxh7 g5 41. Bc2 Nb7+ 42. Kb5 Kd6 43. Kb6 Nd8 44. Kxa5 Kc5 45. Ka6 Nc6 46. Bb1 b3 47. h3 Kb4 48. Kb6 Na5 49. g3 Nc4+ 50. Kc6 Na3 51. Be4 b2 52. a5 Kc3 53. a6 Nc2 54. a7 b1=Q 55. a8=Q Nb4+ 56. Kc7 Qc1 57. Qb7 Kd4+ 58. Kd7 Qc5 59. Qa8 1/2-1/2

[Event "Muensterland Verbandsliga 2526"]
[Site "Germany"]
[Date "2026.02.21"]
[Round "6"]
[Board "5"]
[White "Fehlings, Gerd"]
[Black "Beckmann, Frank"]
[Result "1/2-1/2"]
[WhiteElo "1730"]
[BlackElo "1745"]
[WhiteFideId "-1"]
[BlackFideId "-1"]
[PlyCount "50"]
[GameId "2283691479322928"]
[EventDate "2025.??.??"]
[EventType "team-tourn"]
[EventRounds "9"]
[EventCountry "GER"]
[SourceTitle "Verband Muensterland"]
[SourceDate "2025.11.13"]
[SourceVersion "1"]
[SourceVersionDate "2025.11.13"]
[SourceQuality "1"]
[WhiteTeam "Emsdetten Rochade II"]
[BlackTeam "Beelen"]
[WhiteTeamCountry "GER"]
[BlackTeamCountry "GER"]

1. e4 e6 2. d4 d5 3. Nc3 Nf6 4. e5 Nfd7 5. Nf3 c5 6. Ne2 Nc6 7. c3 Be7 8. g3 O-O 9. Nf4 Re8 10. Bd3 cxd4 11. cxd4 Bb4+ 12. Kf1 Nf8 13. a3 Be7 14. Be3 a6 15. h4 f5 16. exf6 Bxf6 17. Qd2 Kh8 18. Ne2 e5 19. Nxe5 Nxe5 20. dxe5 Bxe5 21. Qb4 b5 22. Bd4 Qf6 23. Bxe5 Rxe5 24. Qf4 Qxf4 25. gxf4 Re7 1/2-1/2

[Event "Muensterland Verbandsliga 2526"]
[Site "Germany"]
[Date "2026.02.21"]
[Round "6"]
[Board "6"]
[White "Austermann, Reinhold"]
[Black "Colmer, Willi"]
[Result "1/2-1/2"]
[WhiteElo "1786"]
[BlackElo "1749"]
[WhiteFideId "-1"]
[BlackFideId "-1"]
[PlyCount "50"]
[GameId "2283691479322930"]
[EventDate "2025.??.??"]
[EventType "team-tourn"]
[EventRounds "9"]
[EventCountry "GER"]
[SourceTitle "Verband Muensterland"]
[SourceDate "2025.11.13"]
[SourceVersion "1"]
[SourceVersionDate "2025.11.13"]
[SourceQuality "1"]
[WhiteTeam "Beelen"]
[BlackTeam "Emsdetten Rochade II"]
[WhiteTeamCountry "GER"]
[BlackTeamCountry "GER"]

1. d4 Nf6 2. e3 g6 3. Bd3 Bg7 4. f4 d5 5. Nd2 c6 6. Ngf3 Bg4 7. O-O Qd7 8. c3 Bf5 9. Qc2 Bxd3 10. Qxd3 O-O 11. e4 dxe4 12. Nxe4 Nxe4 13. Qxe4 e6 14. Be3 Qd5 15. Qc2 Nd7 16. b3 Nf6 17. Ne5 Qe4 18. Qxe4 Nxe4 19. Rac1 Rfd8 20. Nd3 Rac8 21. Nf2 Nxf2 22. Rxf2 Rd7 23. Re2 Rcd8 24. g3 a6 25. Kg2 Bf8 1/2-1/2